Welcome to CU Library Online Public Access Catalogue (OPAC)

Macroeconomics / (Record no. 9703)

MARC details
000 -LEADER
fixed length control field 00669pam a2200217 a 4500
001 - CONTROL NUMBER
control field 4473065
005 - DATE AND TIME OF LATEST TRANSACTION
control field 20260428141744.0
008 - FIXED-LENGTH DATA ELEMENTS--GENERAL INFORMATION
fixed length control field 961025s1997 nyua b 001 0 eng
020 ## - INTERNATIONAL STANDARD BOOK NUMBER
International Standard Book Number 0070204969
Qualifying information acid-free paper
020 ## - INTERNATIONAL STANDARD BOOK NUMBER
International Standard Book Number 9780070204966
Qualifying information (acid-free paper)
050 00 - LIBRARY OF CONGRESS CALL NUMBER
Classification number HB172.5
Item number .L36 1997
082 00 - DEWEY DECIMAL CLASSIFICATION NUMBER
Classification number 339
Edition information 21
100 1# - MAIN ENTRY--PERSONAL NAME
Personal name Landsburg, Steven E.,
Dates associated with a name 1954-
245 10 - TITLE STATEMENT
Title Macroeconomics /
Statement of responsibility, etc. Steven E. Landsburg, Lauren J. Feinstone.
250 ## - EDITION STATEMENT
Edition statement International ed.
260 ## - PUBLICATION, DISTRIBUTION, ETC.
Place of publication, distribution, etc. New York :
Name of publisher, distributor, etc. McGraw-Hill,
Date of publication, distribution, etc. c1997.
300 ## - PHYSICAL DESCRIPTION
Extent xxiii, 552 p. :
Other physical details col. ill. ;
Dimensions 24 cm.
650 #0 - SUBJECT ADDED ENTRY--TOPICAL TERM
Topical term or geographic name entry element Macroeconomics.
700 1# - ADDED ENTRY--PERSONAL NAME
Personal name Feinstone, Lauren J.,
Dates associated with a name 1952-
942 ## - ADDED ENTRY ELEMENTS (KOHA)
Source of classification or shelving scheme Library of Congress Classification
Koha item type Books
Suppress in OPAC No
999 ## -
-- 9703
-- 9703
Holdings
Withdrawn status Lost status Source of classification or shelving scheme Damaged status Not for loan Collection Home library Current library Shelving location Date acquired Total checkouts Full call number Barcode Date last seen Price effective from Koha item type
    Library of Congress Classification     Non-fiction Main Library (Kumasi) Main Library (Kumasi) General stacks 04/28/2026   HB172.5 LAN bssk00000248 04/28/2026 04/28/2026 Books
© 2023-2024 Copyright: Central University Libraries. All Rights Reserved | Created by: Mahone Tech Office